000 00766cam a2200241 4500
001 WB3542-13
008 000000n1999 000 0 eng u
035 _a(Sirsi) u100962
245 _aHousing explosion
260 _c1999
490 _aSunday Times
_v24 October 1999, 2&15(3)
520 _aSuggests that the green belt could be under threat as planning authorities outside the south east publish proposals for levels of new housing which exceed Government targets.
590 _aWB
650 _aGREEN BELT
650 _aNEW HOUSING
650 _aHOUSING DEVELOPMENT
650 _aHOUSE BUILDING
650 _aFORECASTS
650 _aHOUSEHOLD PROJECTIONS
650 _aHOUSEHOLD GROWTH
690 _aPROPERTY-PROPERTY DEVELOPMENT
942 _n0
999 _c60260
_d60260